| 000 | 01987cam a22004694a 4500 | ||
|---|---|---|---|
| 001 | muse86525 | ||
| 003 | MdBmJHUP | ||
| 005 | 20210127151724.0 | ||
| 006 | m o d | ||
| 007 | cr||||||||nn|n | ||
| 008 | 200531r20201962ncu o 00 0 eng d | ||
| 020 | _a9781469657790 | ||
| 020 | _z1469657791 | ||
| 020 | _z9780807880364 | ||
| 035 | _a(OCoLC)1158009855 | ||
| 040 |
_aMdBmJHUP _cMdBmJHUP |
||
| 041 | 1 |
_aeng _hger |
|
| 050 | 4 |
_aPT1551.K6 _bA35 1962 |
|
| 245 | 1 | 0 |
_aKing Rother _ctranslated by Robert Lichtenstein. |
| 264 | 1 | _bProject Muse, | |
| 264 | 3 | _bProject MUSE, | |
| 300 | _a1 online resource (1 EPUB unpaged.) | ||
| 490 | 0 |
_aUNC studies in the Germanic languages and literatures ; _vnumber 36 |
|
| 500 | _aIssued as part of book collections on Project MUSE. | ||
| 506 | 0 |
_aOpen Access _fUnrestricted online access _2star |
|
| 520 | _aOriginally published in 1962, Robert Lichtenstein's translation of King Rother made the medieval epic available to English-speaking audiences for the first time. His translation in rhymed couplets seeks to convey the humorous spirit of the original and an introduction places the poem in its historical context. | ||
| 588 | _aDescription based on print version record. | ||
| 650 | 0 | _aEpic poetry, German. | |
| 655 | 0 | _aElectronic books. | |
| 655 | 7 |
_aElectronic books. _2local |
|
| 700 | 1 |
_aLichtenstein, Robert, _etranslator. |
|
| 710 | 2 |
_aProject Muse, _edistributor. |
|
| 776 | 1 | 8 |
_iPrint version: _w(DLC) 63062701 _z9780807880364 _z0807880361 |
| 710 | 2 |
_aProject Muse. _edistributor |
|
| 830 | 0 |
_aUniversity of North Carolina studies in the Germanic languages and literatures ; _vno. 36. |
|
| 830 | 0 | _aBook collections on Project MUSE. | |
| 856 | 4 | 0 |
_zFull text available: _uhttps://muse.jhu.edu/book/75796/ |
| 999 |
_c26795 _d26795 |
||